<?xml version="1.0" encoding="UTF-8"?>
<record
    xmlns:xsi="http://www.w3.org/2001/XMLSchema-instance"
    xsi:schemaLocation="http://www.loc.gov/MARC21/slim http://www.loc.gov/standards/marcxml/schema/MARC21slim.xsd"
    xmlns="http://www.loc.gov/MARC21/slim">

  <leader>01660nam0a2200337   4500</leader>
  <controlfield tag="001">RU\NLR\BIBL_A\022665596</controlfield>
  <controlfield tag="005">20251126161900.0</controlfield>
  <datafield tag="010" ind1=" " ind2=" ">
    <subfield code="a">978-5-04-217061-4</subfield>
    <subfield code="9">2000</subfield>
  </datafield>
  <datafield tag="021" ind1=" " ind2=" ">
    <subfield code="a">RU</subfield>
    <subfield code="b">&#x41A;&#x41D;-&#x41F;-25-060081</subfield>
    <subfield code="9">&#x41A;&#x41D;-&#x41F;-25-5794</subfield>
  </datafield>
  <datafield tag="035" ind1=" " ind2=" ">
    <subfield code="a">(NLR Aleph) 022665596</subfield>
  </datafield>
  <datafield tag="090" ind1=" " ind2=" ">
    <subfield code="a">13470446</subfield>
    <subfield code="c">13470446</subfield>
  </datafield>
  <datafield tag="100" ind1=" " ind2=" ">
    <subfield code="a">20251114d2025    u  y0rusy50      ca</subfield>
  </datafield>
  <datafield tag="101" ind1="1" ind2=" ">
    <subfield code="a">rus</subfield>
    <subfield code="c">eng</subfield>
  </datafield>
  <datafield tag="102" ind1=" " ind2=" ">
    <subfield code="a">RU</subfield>
  </datafield>
  <datafield tag="105" ind1=" " ind2=" ">
    <subfield code="a">a   z   000zy</subfield>
  </datafield>
  <datafield tag="181" ind1=" " ind2="0">
    <subfield code="a">b3</subfield>
    <subfield code="b">bb2e  </subfield>
  </datafield>
  <datafield tag="181" ind1=" " ind2="0">
    <subfield code="a">i2</subfield>
    <subfield code="b">axxe  </subfield>
  </datafield>
  <datafield tag="182" ind1=" " ind2="0">
    <subfield code="a">n</subfield>
  </datafield>
  <datafield tag="200" ind1="1" ind2=" ">
    <subfield code="a">&#x42F;&#x43F;&#x43E;&#x43D;&#x441;&#x43A;&#x43E;&#x435; &#x43D;&#x435;&#x43F;&#x440;&#x435;&#x440;&#x44B;&#x432;&#x43D;&#x43E;&#x435; &#x432;&#x44F;&#x437;&#x430;&#x43D;&#x438;&#x435; &#x43A;&#x440;&#x44E;&#x447;&#x43A;&#x43E;&#x43C;</subfield>
    <subfield code="e">60 &#x44D;&#x444;&#x444;&#x435;&#x43A;&#x442;&#x438;&#x432;&#x43D;&#x44B;&#x445; &#x43C;&#x43E;&#x442;&#x438;&#x432;&#x43E;&#x432;, 5 &#x43A;&#x440;&#x430;&#x441;&#x438;&#x432;&#x44B;&#x445; &#x43F;&#x440;&#x43E;&#x435;&#x43A;&#x442;&#x43E;&#x432;</subfield>
    <subfield code="e">[&#x43A;&#x43B;&#x430;&#x441;&#x441;&#x438;&#x447;&#x435;&#x441;&#x43A;&#x430;&#x44F; &#x43A;&#x43E;&#x43B;&#x43B;&#x435;&#x43A;&#x446;&#x438;&#x44F; &#x443;&#x437;&#x43E;&#x440;&#x43E;&#x432; &#x43D;&#x435;&#x43F;&#x440;&#x435;&#x440;&#x44B;&#x432;&#x43D;&#x43E;&#x433;&#x43E; &#x432;&#x44F;&#x437;&#x430;&#x43D;&#x438;&#x44F; &#x43A;&#x440;&#x44E;&#x447;&#x43A;&#x43E;&#x43C; &#x431;&#x435;&#x437; &#x43E;&#x442;&#x440;&#x44B;&#x432;&#x430; &#x43D;&#x438;&#x442;&#x438; &#x438; &#x441;&#x43F;&#x43E;&#x441;&#x43E;&#x431;&#x43E;&#x432; &#x438;&#x445; &#x441;&#x43E;&#x435;&#x434;&#x438;&#x43D;&#x435;&#x43D;&#x438;&#x44F; &#x434;&#x43B;&#x44F; &#x441;&#x43E;&#x437;&#x434;&#x430;&#x43D;&#x438;&#x44F; &#x432;&#x44F;&#x437;&#x430;&#x43D;&#x43E;&#x433;&#x43E; &#x43F;&#x43E;&#x43B;&#x43E;&#x442;&#x43D;&#x430;]</subfield>
    <subfield code="f">&#x43F;&#x435;&#x440;&#x435;&#x432;&#x43E;&#x434; &#x441; &#x430;&#x43D;&#x433;&#x43B;&#x438;&#x439;&#x441;&#x43A;&#x43E;&#x433;&#x43E; &#x415;. &#x421;. &#x416;&#x431;&#x430;&#x43D;</subfield>
    <subfield code="g">&#x433;&#x43B;&#x430;&#x432;&#x43D;&#x44B;&#x439; &#x440;&#x435;&#x434;&#x430;&#x43A;&#x442;&#x43E;&#x440;: &#x420;. &#x424;&#x430;&#x441;&#x445;&#x443;&#x442;&#x434;&#x438;&#x43D;&#x43E;&#x432;]</subfield>
  </datafield>
  <datafield tag="203" ind1=" " ind2=" ">
    <subfield code="a">&#x418;&#x437;&#x43E;&#x431;&#x440;&#x430;&#x436;&#x435;&#x43D;&#x438;&#x435;</subfield>
    <subfield code="a">&#x422;&#x435;&#x43A;&#x441;&#x442;</subfield>
    <subfield code="b">&#x432;&#x438;&#x437;&#x443;&#x430;&#x43B;&#x44C;&#x43D;&#x44B;&#x435;</subfield>
    <subfield code="c">&#x43D;&#x435;&#x43F;&#x43E;&#x441;&#x440;&#x435;&#x434;&#x441;&#x442;&#x432;&#x435;&#x43D;&#x43D;&#x44B;&#x435;</subfield>
  </datafield>
  <datafield tag="210" ind1=" " ind2=" ">
    <subfield code="a">&#x41C;&#x43E;&#x441;&#x43A;&#x432;&#x430;</subfield>
    <subfield code="c">&#x42D;&#x43A;&#x441;&#x43C;&#x43E;</subfield>
    <subfield code="d">2025</subfield>
  </datafield>
  <datafield tag="215" ind1=" " ind2=" ">
    <subfield code="a">176 &#x441;.</subfield>
    <subfield code="c">&#x438;&#x43B;., &#x446;&#x432;. &#x438;&#x43B;.</subfield>
    <subfield code="d">26</subfield>
  </datafield>
  <datafield tag="225" ind1="1" ind2=" ">
    <subfield code="a">&#x417;&#x432;&#x435;&#x437;&#x434;&#x44B; &#x440;&#x443;&#x43A;&#x43E;&#x434;&#x435;&#x43B;&#x438;&#x44F;</subfield>
    <subfield code="i">&#x411;&#x435;&#x441;&#x442;&#x441;&#x435;&#x43B;&#x43B;&#x435;&#x440; &#x438;&#x437; &#x42F;&#x43F;&#x43E;&#x43D;&#x438;&#x438;</subfield>
  </datafield>
  <datafield tag="333" ind1=" " ind2=" ">
    <subfield code="a">12+</subfield>
  </datafield>
  <datafield tag="606" ind1="1" ind2=" ">
    <subfield code="a">&#x412;&#x44F;&#x437;&#x430;&#x43D;&#x438;&#x435; &#x43A;&#x440;&#x44E;&#x447;&#x43A;&#x43E;&#x43C;</subfield>
    <subfield code="2">nlr_sh1</subfield>
    <subfield code="2">nlr_sh2</subfield>
    <subfield code="3">RU\NLR\AUTH\661255404</subfield>
  </datafield>
  <datafield tag="686" ind1="1" ind2=" ">
    <subfield code="a">&#x41C;483</subfield>
  </datafield>
  <datafield tag="702" ind1=" " ind2="1">
    <subfield code="a">&#x424;&#x430;&#x441;&#x445;&#x443;&#x442;&#x434;&#x438;&#x43D;&#x43E;&#x432;</subfield>
    <subfield code="b">&#x420;. &#x420;.</subfield>
    <subfield code="g">&#x420;&#x430;&#x448;&#x438;&#x434; &#x420;&#x438;&#x444;&#x43E;&#x432;&#x438;&#x447;</subfield>
    <subfield code="3">RU\NLR\AUTH\770153414</subfield>
    <subfield code="4">340</subfield>
  </datafield>
  <datafield tag="942" ind1=" " ind2=" ">
    <subfield code="c">BOOK</subfield>
  </datafield>
  <datafield tag="980" ind1=" " ind2=" ">
    <subfield code="a">NB</subfield>
  </datafield>
</record>
